00233nam a2200097Ia 4500008004100000082001700041100001800058245002600076260002500102300000800127191201s2013 xx 000 0 und d a005.133bWAH aWALLARD,Wendy 0aHTML A biginner guide c2013bTMHaNEW DELHI a488